00302nam a2200109Ia 450000500170000000800410001710000320005824500710009026000110016130000110017265000090018320260326100041.0260326s9999||||xx |||||||||||||| ||und|| aWinckelmann, Johann Joachim 0aHistoria del Arte en la Antigùˆedad /cJohann Joachim Winckelmann bIberia a306 p. aARTE